000 00379nam a2200157Ia 4500
003 OSt
005 20240311142405.0
008 170524s9999 xx 000 0 und d
020 _a978-8173916694
040 _cIIMTU MEERUT
100 _aNegi - Jagmohan
245 0 _aFood and Beverage Management and Cost Control
260 _bKanishka pub
260 _c2007
942 _2ddc
_c02
999 _c7506
_d7506